[Event "Let's Play Chess!"]
[Site "http://www.queenalice.com/game.php?id=159178"]
[Date "2007.1.26"]
[Round "-"]
[White "HeavSystem"]
[Black "Bruno_de_Paula"]
[Result "1-0"]
[WhiteElo "1914"]
[BlackElo "1618"]

1. e4 e5 2. Nf3 Nc6 3. Bb5 a6 4. Bxc6 dxc6 5. O-O Nf6 6. Nxe5 Be7 7. Nc3 O-O 8.
h3 Re8 9. Nf3 Bd6 10. d3 c5 11. Re1 b5 12. e5 b4 13. Nb1 Bxe5 14. Rxe5 Rxe5 15.
Nxe5 Bb7 16. Nc4 Qd4 17. Be3 Qd5 18. Qf1 Re8 19. Nbd2 Re6 20. Re1 Nh5 21. f3 Ng3
22. Qf2 Rg6 23. Bf4 Nh5 24. Re8# 1-0

[Event "Let's Play Chess!"]
[Site "http://www.queenalice.com/game.php?id=159253"]
[Date "2007.1.26"]
[Round "-"]
[White "Tacitus"]
[Black "HeavSystem"]
[Result "0-1"]
[WhiteElo "1341"]
[BlackElo "1833"]

1. e4 e5 2. Nf3 Nc6 3. Bb5 Nf6 4. O-O Nxe4 5. b3 Nd6 6. Qe2 Be7 7. Re1 Nxb5 8.
Qxb5 O-O 9. d3 d5 10. c4 dxc4 11. Qxc4 Bf5 12. Nxe5 Nxe5 13. Rxe5 Bxd3 14. Qg4
Bf6 15. Bh6 Bxe5 16. Bxg7 Bxg7 17. Nc3 Bg6 18. Rd1 Bxc3 0-1

[Event "AUTO-OPEN-531"]
[Site "http://www.queenalice.com/game.php?id=159276"]
[Date "2007.1.26"]
[Round "1"]
[White "tiagosampaio02"]
[Black "HeavSystem"]
[Result "0-1"]
[WhiteElo "1100"]
[BlackElo "1833"]

1. d4 d5 2. Nc3 Nf6 3. Nf3 Bf5 4. Bf4 a6 5. Ne5 e6 6. e3 c5 7. dxc5 Bxc5 8. Bd3
Bxd3 9. Qxd3 Nc6 10. O-O O-O 11. a3 Bd6 12. Nxc6 bxc6 13. Bxd6 Qxd6 0-1

[Event "AUTO-OPEN-531"]
[Site "http://www.queenalice.com/game.php?id=159277"]
[Date "2007.1.26"]
[Round "1"]
[White "HeavSystem"]
[Black "tiagosampaio02"]
[Result "1-0"]
[WhiteElo "1833"]
[BlackElo "1100"]

1. e4 Nc6 2. Nf3 e5 3. Bb5 Nge7 4. O-O d6 5. c3 a6 6. Ba4 b5 7. Bc2 d5 8. exd5
Nxd5 9. Re1 Bd6 10. d4 Qe7 11. dxe5 Bxe5 12. Qxd5 Bxh2+ 13. Kxh2 Be6 14. Qxc6+
1-0

[Event "AUTO-OPEN-531"]
[Site "http://www.queenalice.com/game.php?id=159304"]
[Date "2007.1.26"]
[Round "1"]
[White "Celebro"]
[Black "HeavSystem"]
[Result "0-1"]
[WhiteElo "1558"]
[BlackElo "1819"]

1. e4 e5 2. Nf3 Nc6 3. Bb5 Nf6 4. O-O Nxe4 5. d3 Nd6 6. Bxc6 dxc6 7. Nxe5 Be7 8.
Re1 O-O 9. Nc3 Nf5 10. Ne4 Be6 11. c3 c5 12. g4 Nh4 13. Be3 b6 14. Nf3 Bxg4 0-1

[Event "AUTO-OPEN-531"]
[Site "http://www.queenalice.com/game.php?id=159305"]
[Date "2007.1.26"]
[Round "1"]
[White "HeavSystem"]
[Black "Celebro"]
[Result "1-0"]
[WhiteElo "1833"]
[BlackElo "1529"]

1. e4 c5 2. Nf3 d6 3. Bb5+ Bd7 4. Bxd7+ Nxd7 5. c4 Ngf6 6. Nc3 e6 7. O-O Be7 8.
d4 cxd4 9. Nxd4 Nc5 10. Re1 O-O 11. b3 e5 12. Nf5 Kh8 13. b4 Na6 14. a3 Ng8 15.
Nd5 g6 16. Ndxe7 Nxe7 17. Nxd6 b6 18. Bh6 1-0

[Event "AUTO-OPEN-531"]
[Site "http://www.queenalice.com/game.php?id=159322"]
[Date "2007.1.26"]
[Round "1"]
[White "tetive"]
[Black "HeavSystem"]
[Result "0-1"]
[WhiteElo "1594"]
[BlackElo "1758"]

1. Nf3 Nf6 2. d4 d5 3. Nc3 Bf5 4. h3 h6 5. g4 Bh7 6. Ne5 e6 7. Bf4 c5 8. dxc5
Bxc5 9. Nb5 Qa5+ 10. c3 Qxb5 11. e4 Qxb2 12. Qa4+ Nbd7 13. Rd1 Bxf2# 0-1

[Event "AUTO-OPEN-531"]
[Site "http://www.queenalice.com/game.php?id=159323"]
[Date "2007.1.26"]
[Round "1"]
[White "HeavSystem"]
[Black "tetive"]
[Result "1-0"]
[WhiteElo "1798"]
[BlackElo "1568"]

1. e4 Nc6 2. Nf3 e5 3. Bb5 a6 4. Bxc6 dxc6 5. O-O Bd6 6. d4 Bg4 7. dxe5 Bxe5 8.
Qxd8+ Rxd8 9. Nxe5 Be2 10. Re1 Nf6 11. Nc3 Bh5 12. Bg5 Rd6 13. Nd3 O-O 14. e5
Rdd8 15. exf6 gxf6 16. Bxf6 Rd6 17. Ne4 Rd5 18. Ne5 Rd4 19. c3 Rd5 20. f4 Re8
21. Bh4 f5 22. Nf6+ Kf8 23. Nxh5 Rd2 24. Bg5 Rxb2 25. Bh6+ Ke7 26. Nc4+ Kd8 27.
Bg5+ Kd7 28. Nf6+ Kc8 29. Rxe8# 1-0

[Event "Play against Mikhail Tal"]
[Site "http://www.queenalice.com/game.php?id=168030"]
[Date "2007.2.13"]
[Round "-"]
[White "eraswsky"]
[Black "HeavSystem"]
[Result "0-1"]
[WhiteElo "1858"]
[BlackElo "1852"]

1. f4 g6 2. g3 Bg7 3. Bg2 d5 4. d3 c5 5. Nf3 Nf6 6. O-O b6 7. Qe1 Bb7 8. Nbd2 d4
9. e4 dxe3 10. Qxe3 O-O 11. Re1 Re8 12. Ne4 Nd5 13. Qe2 Nc6 14. Nh4 Qd7 15. Ng5
e6 16. c3 Rad8 17. Ne4 Ba6 18. Nf2 Nf6 19. Rd1 e5 20. Qf3 Bb7 21. Ne4 Nxe4 22.
Qxe4 Na5 23. Qe2 Bxg2 24. Kxg2 c4 25. Be3 exf4 26. gxf4 Qe7 27. Nf3 Qxe3 28.
Qxe3 Rxe3 29. d4 Re2+ 30. Kf1 Rxb2 31. Ne5 Rxh2 32. Rdc1 Bxe5 33. fxe5 Nc6 34.
Rd1 Ne7 35. a4 Nd5 36. a5 Rb2 37. axb6 axb6 38. Rdc1 f6 39. Ra7 fxe5 40. dxe5
Ne3+ 0-1

[Event "Let's Play Chess!"]
[Site "http://www.queenalice.com/game.php?id=177170"]
[Date "2007.3.5"]
[Round "-"]
[White "AndyWo"]
[Black "HeavSystem"]
[Result "1/2-1/2"]
[WhiteElo "1844"]
[BlackElo "1853"]

1. e4 e5 2. Nf3 Nc6 3. Bc4 Bc5 4. c3 Nf6 5. d3 a6 6. O-O d6 7. d4 Ba7 8. dxe5
Nxe5 9. Nxe5 dxe5 10. Qxd8+ Kxd8 11. Nd2 Ke7 12. Nf3 Nxe4 13. Nxe5 Be6 14. Bd3
1/2-1/2

[Event "Let's Play Chess!"]
[Site "http://www.queenalice.com/game.php?id=177171"]
[Date "2007.3.5"]
[Round "-"]
[White "HeavSystem"]
[Black "AndyWo"]
[Result "1/2-1/2"]
[WhiteElo "1852"]
[BlackElo "1845"]

1. e4 c5 2. Nf3 Nc6 3. Bb5 g6 4. O-O Bg7 5. c3 Nf6 6. Re1 O-O 7. e5 Nd5 8. d4
cxd4 9. cxd4 d6 10. Nc3 Nxc3 11. bxc3 Bg4 12. exd6 Qxd6 13. h3 Be6 14. a4 Bd5
15. Ba3 Qc7 16. Rc1 Rfd8 17. Bxc6 Qxc6 1/2-1/2

[Event "Challenge"]
[Site "http://www.queenalice.com/game.php?id=182463"]
[Date "2007.3.15"]
[Round "-"]
[White "technicaldraw"]
[Black "HeavSystem"]
[Result "0-1"]
[WhiteElo "1965"]
[BlackElo "1871"]

1. e4 e6 2. d4 d5 3. Nc3 Bb4 4. e5 c5 5. a3 Bxc3+ 6. bxc3 Ne7 7. Nf3 b6 8. a4
Ba6 9. Bxa6 Nxa6 10. Ba3 Qc7 11. O-O h6 12. Qe2 Nb8 13. dxc5 bxc5 14. Qe3 Nd7
15. Rfb1 O-O 16. Rb5 Nf5 17. Qe2 Rfb8 18. Rab1 Rb6 19. c4 Ne7 20. c3 Rab8 21.
Nd4 a6 22. a5 R6b7 23. R5b2 Rxb2 24. Rxb2 cxd4 25. Rxb8+ Nxb8 0-1

[Event "Challenge"]
[Site "http://www.queenalice.com/game.php?id=182464"]
[Date "2007.3.15"]
[Round "-"]
[White "HeavSystem"]
[Black "technicaldraw"]
[Result "1-0"]
[WhiteElo "1893"]
[BlackElo "1965"]

1. e4 c6 2. d4 d5 3. e5 Bf5 4. Nf3 e6 5. Be2 c5 6. Be3 Nc6 7. dxc5 Qa5+ 8. c3
Bxb1 9. Qxb1 Qc7 10. Bb5 a6 11. Ba4 Ne7 12. O-O Ng6 13. Bd4 Be7 14. Re1 O-O 15.
b4 Nxd4 16. cxd4 b5 17. Bc2 a5 18. h4 Nxh4 19. Nxh4 Bxh4 20. Bxh7+ Kh8 21. Bd3
axb4 22. Re3 Bg5 23. Rh3+ Bh6 24. Qxb4 Ra4 25. Qb2 b4 26. Bc2 1-0